Príbeh stratenej dcéry

Príbeh stratenej dcéry je záverečným dielom strhujúcej ságy o dvoch ženách - vzdelanej Eleny a neskrotnej Lily. Obe sú dospelé, majú manželov, milencov, deti a starnúcich rodičov. Priateľstvo im slúžilo ako kotva v živote. Vzťahy medzi ženami sa neriadia takými pravidlami ako priateľstvá mužov. Pria...

Celý popis

Podrobná bibliografia
Hlavný autor: Ferrante, Elena, 1943- (Autor)
Ďalší autori: Dolanská, Jana (Rozprávač-komentátor)
Médium: CD Zvuková nahrávka
Jazyk:slovenčina
taliančina
PhysicalDescription:1 elektronický optický disk (CD-ROM) digitál., MP3 12 cm
Vydavateľské údaje: V Levoči Slovenská knižnica pre nevidiacich Mateja Hrebendu 2018
ISBN:9788018068236 (CDROM)
Predmet:

MARC

LEADER 00000cim a2200000 a 4500
001 vtls011746636
003 SK-MaSNL
005 20260301142039.0
007 sd fungnnmmned
008 180319s2018 xo nnnnfs f n slo
015 |a SNBJ2018 
020 |a 9788018068236 (CDROM) 
040 |a SNK  |b slo  |c SNK  |e AACR2 
041 1 |d slo  |h ita 
044 |a xo  |c SK 
072 7 |a 821.131.1-3  |x Talianska próza  |2 konspekt 
080 |a 821.131.1-31  |2 2011 
080 |a (086.76)  |2 2011 
100 1 |a Ferrante, Elena,  |d 1943-  |4 aut  |9 56562 
245 1 0 |a Príbeh stratenej dcéry  |h elektronický zdroj  |c Elena Ferrante ; číta: Jana Dolanská 
260 |a V Levoči  |b Slovenská knižnica pre nevidiacich Mateja Hrebendu  |c 2018 
300 |a 1 elektronický optický disk (CD-ROM)  |b digitál., MP3  |c 12 cm 
306 |a 181200 
520 8 |a Príbeh stratenej dcéry je záverečným dielom strhujúcej ságy o dvoch ženách - vzdelanej Eleny a neskrotnej Lily. Obe sú dospelé, majú manželov, milencov, deti a starnúcich rodičov. Priateľstvo im slúžilo ako kotva v živote. Vzťahy medzi ženami sa neriadia takými pravidlami ako priateľstvá mužov. Priateľstvo dvoch žien dokáže uniesť a prežiť dobré a zlé pocity, závislosť a emancipáciu, vzájomnú podporu a zradu 
521 |a Pre nevidiacich, slabozrakých a inak zdravotne postihnutých 
655 7 |a zvukové záznamy  |2 SNKPH  |9 70720 
655 7 |a talianske romány  |2 SNKPH  |9 70617 
655 7 |a CD-ROM  |2 SNKPH  |9 70236 
700 1 |a Dolanská, Jana  |4 nrt  |9 325684 
752 |a Slovensko  |d Levoča 
787 0 8 |i Podľa knihy:  |t Príbeh stratenej dcéry  |d Bratislava : Inaque, 2017  |z 978-80-89737-54-3 
919 |a 978-80-18-06823-6 
958 |a SX 
958 |a LX 
958 |a UP 
999 |c 769002  |d 770932 
952 |a SNK  |b SNK  |y PREZ  |7 0  |p 17A1330777  |o snkSCD 4681  |i snk2018/11765  |8 0  |0 0  |1 0  |4 0  |d 2018-05-30  |l 0  |r 2026-02-24 00:29:35  |w 2026-02-24